ser - to be (permanent) - Statistics

General Stats
  • This quiz has been taken 12 times
  • The average score is 8 of 9
Answer Stats
Hint Answer % Correct
we are nosotros somos
100%
you are tú eres
100%
you are (formal) usted es
100%
I am yo soy
100%
he is él es
86%
she is ella es
86%
they are (f) ellas son
71%
they are (m) ellos son
71%
they are (formal) ustedes son
43%
No matching quizzes found
Score Distribution
Percent of People with Each Score
Percentile by Number Answered
Your Score History
You have not taken this quiz